[Event "Chessable Masters - Torneo preliminare"]
[White "Kravtsiv, Martyn"]
[Black "Tregubov, Pavel V."]
[WhiteFideId "14113147"]
[BlackFideId "4115341"]
[WhiteElo "2675"]
[BlackElo "2522"]
[Result "1-0"]
[Round "1"]
[TimeControl "600+2"]
[Date "2023.03.13"]
[WhiteClock "0:00:45"]
[BlackClock "0:00:17"]

1. e4 {[%clk 0:10:00]}  e5 {[%clk 0:09:58]} 2. Nf3 {[%clk 0:10:00]}  Nf6 {[%clk 0:09:59]} 3. Nc3 {[%clk 0:09:59]}  Nc6 {[%clk 0:09:58]} 4. a4 {[%clk 0:09:57]}  a6 {[%clk 0:09:42]} 5. d4 {[%clk 0:09:56]}  exd4 {[%clk 0:09:38]} 6. Nxd4 {[%clk 0:09:57]}  Bb4 {[%clk 0:09:31]} 7. Nxc6 {[%clk 0:09:56]}  bxc6 {[%clk 0:09:31]} 8. Bd3 {[%clk 0:09:56]}  O-O {[%clk 0:09:31]} 9. O-O {[%clk 0:09:40]}  d5 {[%clk 0:09:31]} 10. Bd2 {[%clk 0:09:35]}  Rb8 {[%clk 0:09:31]} 11. Re1 {[%clk 0:09:15]}  Re8 {[%clk 0:09:31]} 12. h3 {[%clk 0:09:05]}  h6 {[%clk 0:09:09]} 13. b3 {[%clk 0:07:28]}  dxe4 {[%clk 0:07:38]} 14. Nxe4 {[%clk 0:07:21]}  Rxe4 {[%clk 0:07:11]} 15. Rxe4 {[%clk 0:05:47]}  Bxd2 {[%clk 0:07:06]} 16. Re2 {[%clk 0:05:20]}  Bg4 {[%clk 0:04:07]} 17. hxg4 {[%clk 0:04:57]}  Bc3 {[%clk 0:04:07]} 18. Rb1 {[%clk 0:04:56]}  Nxg4 {[%clk 0:04:08]} 19. Bf5 {[%clk 0:04:50]}  Qh4 {[%clk 0:04:04]} 20. Bxg4 {[%clk 0:04:50]}  Rd8 {[%clk 0:04:03]} 21. Qf1 {[%clk 0:04:04]}  Qxg4 {[%clk 0:04:02]} 22. Rd1 {[%clk 0:04:03]}  Rf8 {[%clk 0:02:37]} 23. Rd3 {[%clk 0:03:57]}  Bb4 {[%clk 0:02:32]} 24. Qd1 {[%clk 0:03:49]}  Bd6 {[%clk 0:02:26]} 25. Re1 {[%clk 0:02:46]}  Qf4 {[%clk 0:02:20]} 26. Qf3 {[%clk 0:01:48]}  Qh2+ {[%clk 0:02:06]} 27. Kf1 {[%clk 0:01:48]}  Qh1+ {[%clk 0:01:48]} 28. Ke2 {[%clk 0:01:49]}  Qh4 {[%clk 0:01:21]} 29. Qxc6 {[%clk 0:01:32]}  a5 {[%clk 0:01:16]} 30. Rh3 {[%clk 0:01:26]}  Qg4+ {[%clk 0:01:09]} 31. Kf1 {[%clk 0:01:27]}  Bb4 {[%clk 0:00:49]} 32. Qe4 {[%clk 0:01:08]}  Qd7 {[%clk 0:00:44]} 33. Rd3 {[%clk 0:01:03]}  Qc8 {[%clk 0:00:41]} 34. Re2 {[%clk 0:01:02]}  c5 {[%clk 0:00:41]} 35. Kg1 {[%clk 0:00:57]}  Qa6 {[%clk 0:00:36]} 36. Ree3 {[%clk 0:00:50]}  Qf6 {[%clk 0:00:33]} 37. Qe5 {[%clk 0:00:50]}  Qa6 {[%clk 0:00:20]} 38. Rg3 {[%clk 0:00:47]}  f6 {[%clk 0:00:17]} 39. Qe7 {[%clk 0:00:45]} 1-0


[Site "Internet"]

[Event "Chessable Masters - Torneo preliminare"]
[White "Darini, Pouria"]
[Black "Tabatabaei, M. Amin"]
[WhiteFideId "12502200"]
[BlackFideId "12521213"]
[WhiteElo "2573"]
[BlackElo "2558"]
[Result "1/2-1/2"]
[Round "1"]
[TimeControl "600+2"]
[Date "2023.03.13"]
[WhiteClock "0:00:21"]
[BlackClock "0:00:30"]

1. e4 {[%clk 0:09:59]}  e5 {[%clk 0:09:58]} 2. Nf3 {[%clk 0:09:54]}  Nc6 {[%clk 0:09:59]} 3. Bb5 {[%clk 0:09:49]}  a6 {[%clk 0:09:59]} 4. Ba4 {[%clk 0:09:50]}  Nf6 {[%clk 0:09:59]} 5. d3 {[%clk 0:09:45]}  Bc5 {[%clk 0:09:55]} 6. Bxc6 {[%clk 0:09:09]}  dxc6 {[%clk 0:09:56]} 7. O-O {[%clk 0:09:08]}  Nd7 {[%clk 0:09:47]} 8. Be3 {[%clk 0:08:58]}  Bd6 {[%clk 0:09:13]} 9. Nbd2 {[%clk 0:08:57]}  O-O {[%clk 0:09:14]} 10. Nc4 {[%clk 0:08:58]}  c5 {[%clk 0:09:01]} 11. a4 {[%clk 0:08:36]}  Re8 {[%clk 0:08:31]} 12. Nxd6 {[%clk 0:08:09]}  cxd6 {[%clk 0:08:33]} 13. Nd2 {[%clk 0:07:41]}  Nf8 {[%clk 0:08:07]} 14. f4 {[%clk 0:07:04]}  exf4 {[%clk 0:08:08]} 15. Bxf4 {[%clk 0:07:05]}  Ng6 {[%clk 0:08:02]} 16. Bg3 {[%clk 0:06:56]}  Be6 {[%clk 0:07:46]} 17. Qh5 {[%clk 0:06:07]}  f6 {[%clk 0:06:45]} 18. b3 {[%clk 0:05:50]}  d5 {[%clk 0:06:15]} 19. Rae1 {[%clk 0:05:40]}  Qd7 {[%clk 0:06:08]} 20. h3 {[%clk 0:05:32]}  b5 {[%clk 0:05:46]} 21. exd5 {[%clk 0:04:26]}  Bxd5 {[%clk 0:05:24]} 22. a5 {[%clk 0:03:11]}  Qc6 {[%clk 0:05:23]} 23. Re2 {[%clk 0:02:59]}  Rxe2 {[%clk 0:05:13]} 24. Qxe2 {[%clk 0:03:00]}  Re8 {[%clk 0:05:15]} 25. Qf2 {[%clk 0:02:57]}  b4 {[%clk 0:04:10]} 26. Nc4 {[%clk 0:02:14]}  h5 {[%clk 0:04:11]} 27. Nb6 {[%clk 0:01:30]}  Bf7 {[%clk 0:03:38]} 28. Re1 {[%clk 0:01:21]}  Nf8 {[%clk 0:02:39]} 29. Rxe8 {[%clk 0:01:18]}  Bxe8 {[%clk 0:02:40]} 30. Bf4 {[%clk 0:00:32]}  Ne6 {[%clk 0:02:32]} 31. Be3 {[%clk 0:00:34]}  Qd6 {[%clk 0:02:18]} 32. Nc4 {[%clk 0:00:22]}  Qd5 {[%clk 0:02:16]} 33. Qg3 {[%clk 0:00:15]}  Bc6 {[%clk 0:02:05]} 34. Nb6 {[%clk 0:00:16]}  Qf5 {[%clk 0:01:47]} 35. Qd6 {[%clk 0:00:15]}  Qe5 {[%clk 0:01:12]} 36. Qxe5 {[%clk 0:00:15]}  fxe5 {[%clk 0:01:14]} 37. Nc4 {[%clk 0:00:15]}  e4 {[%clk 0:01:13]} 38. Kf2 {[%clk 0:00:13]}  exd3 {[%clk 0:01:05]} 39. cxd3 {[%clk 0:00:15]}  Bd5 {[%clk 0:01:07]} 40. g3 {[%clk 0:00:16]}  Kf7 {[%clk 0:01:05]} 41. h4 {[%clk 0:00:17]}  Kf6 {[%clk 0:01:05]} 42. Ke2 {[%clk 0:00:15]}  Kf5 {[%clk 0:01:04]} 43. Kf2 {[%clk 0:00:16]}  Kf6 {[%clk 0:00:45]} 44. Ke2 {[%clk 0:00:16]}  Nd4+ {[%clk 0:00:35]} 45. Bxd4+ {[%clk 0:00:16]}  cxd4 {[%clk 0:00:37]} 46. Kf2 {[%clk 0:00:16]}  Ke6 {[%clk 0:00:35]} 47. Nd2 {[%clk 0:00:16]}  Kd6 {[%clk 0:00:27]} 48. Ke2 {[%clk 0:00:11]}  Kc6 {[%clk 0:00:26]} 49. Nf3 {[%clk 0:00:05]}  Kc5 {[%clk 0:00:25]} 50. Nd2 {[%clk 0:00:05]}  Kb5 {[%clk 0:00:25]} 51. Nc4 {[%clk 0:00:06]}  Kc6 {[%clk 0:00:16]} 52. Kd2 {[%clk 0:00:06]}  Kc5 {[%clk 0:00:08]} 53. Ke2 {[%clk 0:00:07]}  Kb5 {[%clk 0:00:06]} 54. Kd2 {[%clk 0:00:08]}  Kc6 {[%clk 0:00:07]} 55. Ke2 {[%clk 0:00:10]}  Kc7 {[%clk 0:00:09]} 56. Kd2 {[%clk 0:00:11]}  Kd8 {[%clk 0:00:09]} 57. Ke2 {[%clk 0:00:12]}  Ke7 {[%clk 0:00:11]} 58. Kd2 {[%clk 0:00:13]}  Ke6 {[%clk 0:00:11]} 59. Ke2 {[%clk 0:00:15]}  Kf5 {[%clk 0:00:12]} 60. Kf2 {[%clk 0:00:15]}  Be6 {[%clk 0:00:08]} 61. Nd2 {[%clk 0:00:16]}  Kg4 {[%clk 0:00:07]} 62. Nc4 {[%clk 0:00:14]}  Kh3 {[%clk 0:00:07]} 63. Nd2 {[%clk 0:00:14]}  Bf5 {[%clk 0:00:07]} 64. Nf3 {[%clk 0:00:09]}  Bxd3 {[%clk 0:00:06]} 65. Nxd4 {[%clk 0:00:10]}  Be4 {[%clk 0:00:06]} 66. Ke3 {[%clk 0:00:08]}  Bd5 {[%clk 0:00:06]} 67. Kf4 {[%clk 0:00:09]}  g6 {[%clk 0:00:07]} 68. Nc2 {[%clk 0:00:09]}  Bxb3 {[%clk 0:00:08]} 69. Nxb4 {[%clk 0:00:11]}  Bc4 {[%clk 0:00:09]} 70. Nc6 {[%clk 0:00:12]}  Ba2 {[%clk 0:00:06]} 71. Ne5 {[%clk 0:00:12]}  Bb1 {[%clk 0:00:07]} 72. Nd7 {[%clk 0:00:12]}  Bd3 {[%clk 0:00:07]} 73. Nc5 {[%clk 0:00:13]}  Bb5 {[%clk 0:00:08]} 74. Ne6 {[%clk 0:00:13]}  Bc4 {[%clk 0:00:08]} 75. Nf8 {[%clk 0:00:13]}  Bd3 {[%clk 0:00:09]} 76. Nd7 {[%clk 0:00:10]}  Kg2 {[%clk 0:00:10]} 77. Ne5 {[%clk 0:00:11]}  Bb1 {[%clk 0:00:10]} 78. g4 {[%clk 0:00:12]}  hxg4 {[%clk 0:00:12]} 79. Kxg4 {[%clk 0:00:13]}  Kh2 {[%clk 0:00:12]} 80. Kg5 {[%clk 0:00:10]}  Kh3 {[%clk 0:00:14]} 81. Nd7 {[%clk 0:00:07]}  Bd3 {[%clk 0:00:13]} 82. Nc5 {[%clk 0:00:09]}  Bb5 {[%clk 0:00:14]} 83. Ne4 {[%clk 0:00:08]}  Bc6 {[%clk 0:00:12]} 84. Nf6 {[%clk 0:00:09]}  Ba4 {[%clk 0:00:11]} 85. Nh7 {[%clk 0:00:10]}  Bc2 {[%clk 0:00:12]} 86. Nf8 {[%clk 0:00:11]}  Bd3 {[%clk 0:00:12]} 87. Nd7 {[%clk 0:00:13]}  Kg3 {[%clk 0:00:11]} 88. Nc5 {[%clk 0:00:12]}  Bb5 {[%clk 0:00:12]} 89. Kxg6 {[%clk 0:00:03]}  Kxh4 {[%clk 0:00:14]} 90. Kf6 {[%clk 0:00:05]}  Kh5 {[%clk 0:00:15]} 91. Ke5 {[%clk 0:00:07]}  Kg6 {[%clk 0:00:16]} 92. Kd6 {[%clk 0:00:09]}  Kf7 {[%clk 0:00:17]} 93. Kc7 {[%clk 0:00:10]}  Ke8 {[%clk 0:00:18]} 94. Kb7 {[%clk 0:00:12]}  Kd8 {[%clk 0:00:20]} 95. Nxa6 {[%clk 0:00:14]}  Bxa6+ {[%clk 0:00:21]} 96. Kxa6 {[%clk 0:00:15]}  Kc8 {[%clk 0:00:23]} 97. Ka7 {[%clk 0:00:17]}  Kc7 {[%clk 0:00:25]} 98. a6 {[%clk 0:00:16]}  Kc8 {[%clk 0:00:27]} 99. Kb6 {[%clk 0:00:18]}  Kb8 {[%clk 0:00:28]} 100. a7+ {[%clk 0:00:19]}  Ka8 {[%clk 0:00:30]} 101. Ka6 {[%clk 0:00:21]} 1/2-1/2


[Site "Internet"]

[Event "Chessable Masters - Torneo preliminare"]
[White "Ponkratov, Pavel"]
[Black "Flores, Diego"]
[WhiteFideId "4157800"]
[BlackFideId "108049"]
[WhiteElo "2586"]
[BlackElo "2598"]
[Result "1/2-1/2"]
[Round "1"]
[TimeControl "600+2"]
[Date "2023.03.13"]
[WhiteClock "0:03:49"]
[BlackClock "0:00:16"]

1. d4 {[%clk 0:10:01]}  Nf6 {[%clk 0:10:00]} 2. c4 {[%clk 0:10:01]}  e6 {[%clk 0:10:01]} 3. Nc3 {[%clk 0:10:02]}  d5 {[%clk 0:09:52]} 4. cxd5 {[%clk 0:10:03]}  exd5 {[%clk 0:09:53]} 5. Bg5 {[%clk 0:10:04]}  c6 {[%clk 0:09:53]} 6. e3 {[%clk 0:10:04]}  h6 {[%clk 0:09:54]} 7. Bh4 {[%clk 0:10:05]}  Be7 {[%clk 0:09:54]} 8. Bd3 {[%clk 0:10:06]}  O-O {[%clk 0:09:49]} 9. Nge2 {[%clk 0:10:07]}  Re8 {[%clk 0:09:46]} 10. O-O {[%clk 0:10:08]}  Nbd7 {[%clk 0:09:31]} 11. f3 {[%clk 0:10:07]}  b5 {[%clk 0:09:27]} 12. Rc1 {[%clk 0:10:03]}  Bb7 {[%clk 0:09:23]} 13. Bf2 {[%clk 0:09:52]}  Rc8 {[%clk 0:08:50]} 14. Ng3 {[%clk 0:09:44]}  b4 {[%clk 0:08:43]} 15. Nce2 {[%clk 0:09:33]}  c5 {[%clk 0:08:44]} 16. dxc5 {[%clk 0:09:33]}  Bxc5 {[%clk 0:08:25]} 17. Nf5 {[%clk 0:09:34]}  Ne5 {[%clk 0:07:55]} 18. Bb5 {[%clk 0:09:19]}  Re6 {[%clk 0:06:50]} 19. Ned4 {[%clk 0:09:17]}  Rb6 {[%clk 0:06:48]} 20. Be2 {[%clk 0:09:15]}  Qd7 {[%clk 0:06:28]} 21. g4 {[%clk 0:08:51]}  Nc4 {[%clk 0:05:40]} 22. b3 {[%clk 0:08:49]}  Nd6 {[%clk 0:05:41]} 23. Ng3 {[%clk 0:08:37]}  Ba6 {[%clk 0:05:11]} 24. Rc2 {[%clk 0:08:30]}  Bxd4 {[%clk 0:04:57]} 25. Rxc8+ {[%clk 0:08:24]}  Qxc8 {[%clk 0:04:49]} 26. Qxd4 {[%clk 0:08:25]}  Qc2 {[%clk 0:03:43]} 27. Bxa6 {[%clk 0:08:24]}  Rxa6 {[%clk 0:03:44]} 28. Qxb4 {[%clk 0:08:24]}  Qxa2 {[%clk 0:03:39]} 29. h4 {[%clk 0:08:12]}  Rb6 {[%clk 0:03:22]} 30. Qd4 {[%clk 0:08:01]}  Qxb3 {[%clk 0:02:54]} 31. Ra1 {[%clk 0:07:59]}  Nb5 {[%clk 0:02:40]} 32. Qc5 {[%clk 0:07:48]}  d4 {[%clk 0:02:24]} 33. g5 {[%clk 0:06:49]}  hxg5 {[%clk 0:02:10]} 34. hxg5 {[%clk 0:06:50]}  dxe3 {[%clk 0:01:33]} 35. Bxe3 {[%clk 0:06:49]}  Ne8 {[%clk 0:01:34]} 36. Nf5 {[%clk 0:06:23]}  Re6 {[%clk 0:01:01]} 37. Rc1 {[%clk 0:05:46]}  Nbd6 {[%clk 0:00:55]} 38. Nxd6 {[%clk 0:05:24]}  Nxd6 {[%clk 0:00:43]} 39. Kf2 {[%clk 0:05:17]}  Qb2+ {[%clk 0:00:17]} 40. Rc2 {[%clk 0:05:17]}  Qb1 {[%clk 0:00:14]} 41. Rc1 {[%clk 0:05:13]}  Qd3 {[%clk 0:00:13]} 42. Qxa7 {[%clk 0:05:04]}  Nf5 {[%clk 0:00:10]} 43. g6 {[%clk 0:04:42]}  Rxg6 {[%clk 0:00:06]} 44. Qb8+ {[%clk 0:04:32]}  Kh7 {[%clk 0:00:07]} 45. Qh2+ {[%clk 0:04:21]}  Nh6 {[%clk 0:00:08]} 46. Qf4 {[%clk 0:04:19]}  Qf5 {[%clk 0:00:08]} 47. Qxf5 {[%clk 0:04:14]}  Nxf5 {[%clk 0:00:10]} 48. Bf4 {[%clk 0:04:16]}  Re6 {[%clk 0:00:11]} 49. Rc7 {[%clk 0:04:16]}  Kg8 {[%clk 0:00:12]} 50. Rc8+ {[%clk 0:04:17]}  Kh7 {[%clk 0:00:13]} 51. Rc7 {[%clk 0:04:18]}  Kg6 {[%clk 0:00:15]} 52. Rc1 {[%clk 0:04:18]}  f6 {[%clk 0:00:16]} 53. Rc5 {[%clk 0:04:18]}  Nd4 {[%clk 0:00:17]} 54. Be3 {[%clk 0:04:18]}  Nf5 {[%clk 0:00:18]} 55. Bf4 {[%clk 0:04:19]}  Ra6 {[%clk 0:00:19]} 56. Kg2 {[%clk 0:04:17]}  Nh4+ {[%clk 0:00:17]} 57. Kg3 {[%clk 0:04:17]}  Nf5+ {[%clk 0:00:16]} 58. Kg4 {[%clk 0:04:17]}  Ra1 {[%clk 0:00:15]} 59. Kh3 {[%clk 0:04:13]}  Nd4 {[%clk 0:00:13]} 60. Rc3 {[%clk 0:03:59]}  Ne2 {[%clk 0:00:09]} 61. Rc4 {[%clk 0:04:00]}  Kf5 {[%clk 0:00:09]} 62. Bd6 {[%clk 0:03:58]}  Ra2 {[%clk 0:00:04]} 63. Bh2 {[%clk 0:03:56]}  g5 {[%clk 0:00:05]} 64. Rc5+ {[%clk 0:03:57]}  Kg6 {[%clk 0:00:06]} 65. Rc4 {[%clk 0:03:58]}  Ra3 {[%clk 0:00:06]} 66. Kg2 {[%clk 0:03:58]}  Nc3 {[%clk 0:00:06]} 67. Bd6 {[%clk 0:03:55]}  Ra2+ {[%clk 0:00:06]} 68. Kh3 {[%clk 0:03:55]}  Nd5 {[%clk 0:00:05]} 69. Rd4 {[%clk 0:03:52]}  Ne3 {[%clk 0:00:06]} 70. Rd3 {[%clk 0:03:52]}  Nf5 {[%clk 0:00:08]} 71. Bc7 {[%clk 0:03:51]}  Kh5 {[%clk 0:00:09]} 72. Bd8 {[%clk 0:03:43]}  Nh4 {[%clk 0:00:07]} 73. Bxf6 {[%clk 0:03:41]}  Ng6 {[%clk 0:00:08]} 74. Bxg5 {[%clk 0:03:37]}  Kxg5 {[%clk 0:00:10]} 75. Rd5+ {[%clk 0:03:38]}  Kf6 {[%clk 0:00:10]} 76. Kg3 {[%clk 0:03:38]}  Ra4 {[%clk 0:00:11]} 77. Rb5 {[%clk 0:03:38]}  Ne7 {[%clk 0:00:12]} 78. Rb6+ {[%clk 0:03:38]}  Kg5 {[%clk 0:00:13]} 79. Rb8 {[%clk 0:03:34]}  Nf5+ {[%clk 0:00:14]} 80. Kf2 {[%clk 0:03:35]}  Ra2+ {[%clk 0:00:15]} 81. Ke1 {[%clk 0:03:36]}  Kf4 {[%clk 0:00:16]} 82. Rf8 {[%clk 0:03:37]}  Ke3 {[%clk 0:00:17]} 83. Re8+ {[%clk 0:03:38]}  Kd3 {[%clk 0:00:18]} 84. Rd8+ {[%clk 0:03:39]}  Nd4 {[%clk 0:00:19]} 85. f4 {[%clk 0:03:40]}  Ke3 {[%clk 0:00:18]} 86. Re8+ {[%clk 0:03:41]}  Kxf4 {[%clk 0:00:17]} 87. Rf8+ {[%clk 0:03:42]}  Ke4 {[%clk 0:00:15]} 88. Re8+ {[%clk 0:03:43]}  Kd3 {[%clk 0:00:16]} 89. Rd8 {[%clk 0:03:44]}  Re2+ {[%clk 0:00:09]} 90. Kf1 {[%clk 0:03:44]}  Re7 {[%clk 0:00:10]} 91. Kf2 {[%clk 0:03:44]}  Rf7+ {[%clk 0:00:11]} 92. Kg3 {[%clk 0:03:44]}  Ke4 {[%clk 0:00:12]} 93. Re8+ {[%clk 0:03:45]}  Kd5 {[%clk 0:00:11]} 94. Rd8+ {[%clk 0:03:46]}  Ke4 {[%clk 0:00:13]} 95. Re8+ {[%clk 0:03:48]}  Kd5 {[%clk 0:00:14]} 96. Rd8+ {[%clk 0:03:49]}  Ke4 {[%clk 0:00:16]} 1/2-1/2


[Site "Internet"]

[Event "Chessable Masters - Torneo preliminare"]
[White "Pap, Gyula"]
[Black "Guseinov, Gadir"]
[WhiteFideId "725323"]
[BlackFideId "13401378"]
[WhiteElo "2563"]
[BlackElo "2632"]
[Result "1-0"]
[Round "1"]
[TimeControl "600+2"]
[Date "2023.03.13"]
[WhiteClock "0:00:14"]
[BlackClock "0:00:08"]

1. d4 {[%clk 0:09:59]}  Nf6 {[%clk 0:09:46]} 2. c3 {[%clk 0:09:27]}  g6 {[%clk 0:09:42]} 3. Bg5 {[%clk 0:09:04]}  Bg7 {[%clk 0:09:41]} 4. e3 {[%clk 0:08:57]}  O-O {[%clk 0:09:37]} 5. Nf3 {[%clk 0:08:56]}  d6 {[%clk 0:09:30]} 6. Be2 {[%clk 0:08:34]}  Nbd7 {[%clk 0:09:13]} 7. O-O {[%clk 0:08:33]}  b6 {[%clk 0:09:13]} 8. a4 {[%clk 0:08:32]}  a6 {[%clk 0:09:11]} 9. Nbd2 {[%clk 0:08:19]}  Bb7 {[%clk 0:09:12]} 10. Re1 {[%clk 0:07:44]}  e5 {[%clk 0:09:06]} 11. dxe5 {[%clk 0:07:35]}  dxe5 {[%clk 0:09:03]} 12. e4 {[%clk 0:07:29]}  Qe7 {[%clk 0:08:55]} 13. Qc2 {[%clk 0:07:20]}  h6 {[%clk 0:08:34]} 14. Bh4 {[%clk 0:07:14]}  Rfe8 {[%clk 0:08:34]} 15. Bf1 {[%clk 0:06:36]}  Rad8 {[%clk 0:07:06]} 16. Rad1 {[%clk 0:06:25]}  Nc5 {[%clk 0:06:39]} 17. b4 {[%clk 0:06:07]}  Ne6 {[%clk 0:06:41]} 18. Nxe5 {[%clk 0:05:28]}  Nf4 {[%clk 0:06:15]} 19. Nef3 {[%clk 0:05:08]}  g5 {[%clk 0:05:54]} 20. Bg3 {[%clk 0:05:09]}  Nxe4 {[%clk 0:05:39]} 21. Nxe4 {[%clk 0:04:58]}  Rxd1 {[%clk 0:05:39]} 22. Nf6+ {[%clk 0:04:27]}  Bxf6 {[%clk 0:05:32]} 23. Rxe7 {[%clk 0:04:28]}  Rxf1+ {[%clk 0:04:59]} 24. Kxf1 {[%clk 0:04:29]}  Rxe7 {[%clk 0:04:59]} 25. Bxf4 {[%clk 0:04:30]}  gxf4 {[%clk 0:05:01]} 26. Qd2 {[%clk 0:04:08]}  Be4 {[%clk 0:04:16]} 27. h3 {[%clk 0:03:45]}  Kg7 {[%clk 0:03:32]} 28. Kg1 {[%clk 0:03:45]}  Bg6 {[%clk 0:02:44]} 29. b5 {[%clk 0:03:25]}  axb5 {[%clk 0:02:31]} 30. axb5 {[%clk 0:03:27]}  Re4 {[%clk 0:02:32]} 31. Nd4 {[%clk 0:02:58]}  h5 {[%clk 0:02:32]} 32. Kh2 {[%clk 0:02:49]}  h4 {[%clk 0:02:30]} 33. Qd1 {[%clk 0:02:26]}  Be5 {[%clk 0:02:09]} 34. Nf3 {[%clk 0:02:27]}  Bf6 {[%clk 0:02:03]} 35. Qd5 {[%clk 0:02:03]}  Re2 {[%clk 0:01:54]} 36. Kg1 {[%clk 0:02:04]}  Rb2 {[%clk 0:01:04]} 37. Qc4 {[%clk 0:01:59]}  Rb1+ {[%clk 0:00:57]} 38. Kh2 {[%clk 0:02:00]}  Rb2 {[%clk 0:00:55]} 39. Qxc7 {[%clk 0:01:44]}  Rxf2 {[%clk 0:00:50]} 40. Qxb6 {[%clk 0:01:45]}  Rb2 {[%clk 0:00:47]} 41. Qc6 {[%clk 0:01:41]}  Re2 {[%clk 0:00:36]} 42. Qc4 {[%clk 0:01:18]}  Rb2 {[%clk 0:00:37]} 43. Qc6 {[%clk 0:00:55]}  Re2 {[%clk 0:00:38]} 44. Kg1 {[%clk 0:00:32]}  Re6 {[%clk 0:00:21]} 45. Qc4 {[%clk 0:00:22]}  Re4 {[%clk 0:00:19]} 46. Qc7 {[%clk 0:00:19]}  Re3 {[%clk 0:00:15]} 47. b6 {[%clk 0:00:17]}  Rxc3 {[%clk 0:00:16]} 48. Qxc3 {[%clk 0:00:13]}  Bxc3 {[%clk 0:00:17]} 49. b7 {[%clk 0:00:14]}  Bd2 {[%clk 0:00:08]} 50. Nxd2 {[%clk 0:00:14]} 1-0


[Site "Internet"]

[Event "Chessable Masters - Torneo preliminare"]
[White "Oparin, Grigoriy"]
[Black "Golubev, Mikhail"]
[WhiteFideId "24125890"]
[BlackFideId "14100983"]
[WhiteElo "2650"]
[BlackElo "2361"]
[Result "1-0"]
[Round "1"]
[TimeControl "600+2"]
[Date "2023.03.13"]
[WhiteClock "0:07:06"]
[BlackClock "0:00:31"]

1. Nf3 {[%clk 0:10:00]}  d6 {[%clk 0:09:52]} 2. d4 {[%clk 0:09:59]}  Nf6 {[%clk 0:09:53]} 3. c4 {[%clk 0:09:59]}  g6 {[%clk 0:09:53]} 4. g3 {[%clk 0:10:00]}  Bg7 {[%clk 0:09:54]} 5. Bg2 {[%clk 0:10:02]}  O-O {[%clk 0:09:55]} 6. O-O {[%clk 0:10:04]}  Nbd7 {[%clk 0:09:51]} 7. Nc3 {[%clk 0:10:04]}  e5 {[%clk 0:09:52]} 8. e4 {[%clk 0:10:04]}  Re8 {[%clk 0:09:51]} 9. Qc2 {[%clk 0:10:05]}  exd4 {[%clk 0:09:13]} 10. Nxd4 {[%clk 0:10:06]}  Nc5 {[%clk 0:09:14]} 11. Rd1 {[%clk 0:10:04]}  Qe7 {[%clk 0:08:48]} 12. Bg5 {[%clk 0:10:05]}  c6 {[%clk 0:08:41]} 13. Rd2 {[%clk 0:10:06]}  h6 {[%clk 0:08:37]} 14. Bf4 {[%clk 0:10:07]}  Nfd7 {[%clk 0:08:06]} 15. b4 {[%clk 0:08:40]}  Ne6 {[%clk 0:07:04]} 16. Nxe6 {[%clk 0:08:38]}  Qxe6 {[%clk 0:07:05]} 17. Bxd6 {[%clk 0:08:40]}  Qxc4 {[%clk 0:06:49]} 18. Rc1 {[%clk 0:08:41]}  Nb6 {[%clk 0:05:03]} 19. b5 {[%clk 0:07:46]}  cxb5 {[%clk 0:04:06]} 20. Bf1 {[%clk 0:07:46]}  Qxc3 {[%clk 0:04:04]} 21. Qxc3 {[%clk 0:07:44]}  Bxc3 {[%clk 0:04:05]} 22. Rxc3 {[%clk 0:07:46]}  Nc4 {[%clk 0:03:56]} 23. Bxc4 {[%clk 0:07:45]}  bxc4 {[%clk 0:03:57]} 24. Rxc4 {[%clk 0:07:47]}  b5 {[%clk 0:03:42]} 25. Rcd4 {[%clk 0:07:40]}  Be6 {[%clk 0:03:41]} 26. f3 {[%clk 0:07:34]}  a5 {[%clk 0:03:24]} 27. a3 {[%clk 0:07:35]}  Rac8 {[%clk 0:03:05]} 28. Kf2 {[%clk 0:07:36]}  Rc1 {[%clk 0:02:57]} 29. g4 {[%clk 0:07:33]}  Bc4 {[%clk 0:02:51]} 30. h4 {[%clk 0:07:30]}  Kg7 {[%clk 0:01:57]} 31. g5 {[%clk 0:07:27]}  hxg5 {[%clk 0:01:57]} 32. hxg5 {[%clk 0:07:29]}  f6 {[%clk 0:01:50]} 33. Bf4 {[%clk 0:07:21]}  fxg5 {[%clk 0:01:37]} 34. Bxg5 {[%clk 0:07:22]}  Rh8 {[%clk 0:01:28]} 35. Rd7+ {[%clk 0:07:19]}  Bf7 {[%clk 0:01:27]} 36. R2d6 {[%clk 0:07:11]}  Rc2+ {[%clk 0:00:46]} 37. Kg3 {[%clk 0:07:12]}  Rhh2 {[%clk 0:00:35]} 38. Bf6+ {[%clk 0:07:09]}  Kf8 {[%clk 0:00:37]} 39. Rd8+ {[%clk 0:07:04]}  Be8 {[%clk 0:00:37]} 40. Re6 {[%clk 0:07:05]}  Kf7 {[%clk 0:00:31]} 41. Rdxe8 {[%clk 0:07:06]} 1-0


[Site "Internet"]

[Event "Chessable Masters - Torneo preliminare"]
[White "Vetoshko, Volodymyr"]
[Black "Narayanan, Srinath"]
[WhiteFideId "14122480"]
[BlackFideId "5018420"]
[WhiteElo "2457"]
[BlackElo "2482"]
[Result "1/2-1/2"]
[Round "1"]
[TimeControl "600+2"]
[Date "2023.03.13"]
[WhiteClock "0:02:14"]
[BlackClock "0:03:50"]

1. e4 {[%clk 0:09:58]}  c6 {[%clk 0:09:32]} 2. d4 {[%clk 0:09:52]}  d5 {[%clk 0:09:32]} 3. exd5 {[%clk 0:09:54]}  cxd5 {[%clk 0:09:32]} 4. Bd3 {[%clk 0:09:54]}  Nc6 {[%clk 0:09:33]} 5. c3 {[%clk 0:09:53]}  Nf6 {[%clk 0:09:31]} 6. h3 {[%clk 0:09:45]}  g6 {[%clk 0:09:15]} 7. Nf3 {[%clk 0:09:45]}  Bg7 {[%clk 0:09:16]} 8. O-O {[%clk 0:09:42]}  O-O {[%clk 0:09:17]} 9. Bf4 {[%clk 0:08:44]}  Bf5 {[%clk 0:09:07]} 10. Re1 {[%clk 0:08:42]}  Bxd3 {[%clk 0:08:48]} 11. Qxd3 {[%clk 0:08:44]}  Ne4 {[%clk 0:08:50]} 12. Nbd2 {[%clk 0:07:26]}  Nxd2 {[%clk 0:08:09]} 13. Nxd2 {[%clk 0:06:40]}  Qd7 {[%clk 0:08:01]} 14. Re2 {[%clk 0:06:34]}  e6 {[%clk 0:05:45]} 15. Rae1 {[%clk 0:06:32]}  Rac8 {[%clk 0:05:45]} 16. h4 {[%clk 0:04:34]}  h5 {[%clk 0:05:36]} 17. Nf3 {[%clk 0:04:23]}  Ne7 {[%clk 0:05:33]} 18. Be5 {[%clk 0:03:45]}  Nf5 {[%clk 0:05:26]} 19. Bxg7 {[%clk 0:03:40]}  Kxg7 {[%clk 0:05:28]} 20. g3 {[%clk 0:03:11]}  Rfe8 {[%clk 0:04:35]} 21. Ne5 {[%clk 0:02:59]}  Qe7 {[%clk 0:04:35]} 22. Qf3 {[%clk 0:02:46]}  Qf6 {[%clk 0:04:23]} 23. Nd7 {[%clk 0:02:16]}  Qd8 {[%clk 0:03:59]} 24. Ne5 {[%clk 0:02:13]}  Qf6 {[%clk 0:03:59]} 25. Nd7 {[%clk 0:02:14]}  Qd8 {[%clk 0:03:50]} 26. Ne5 {[%clk 0:02:14]}  Qf6 {[%clk 0:03:50]} 1/2-1/2


[Site "Internet"]